| 000 | 00939nam a22002417a 4500 | ||
|---|---|---|---|
| 010 | _aB-264152 | ||
| 020 |
_a81877641279 _c350.00 |
||
| 035 | _aB-264152 | ||
| 037 | _aCen Lib / Ret | ||
| 040 |
_aDPL _bPN |
||
| 082 |
_2250 _aਮਰਵਾ |
||
| 100 |
_aਮਰਵਾਹ, ਜਸਵੰਤ ਸਿੰਘ _9141551 |
||
| 245 |
_aਤੇਰਾ ਏਕੁ ਨਾਮੁ ਤਾਰੇ ਸੰਸਾਰੁ / _cਜਸਵੰਤ ਸਿੰਘ ਮਰਵਾਹ |
||
| 246 |
_aTera ek naam taare sansar / _bby Jaswant Singh Marwah |
||
| 260 |
_aਦਿੱਲੀ _bਐੱਚ ਕੇ. ਪ੍ਰਕਾਸ਼ਨ _c2007 |
||
| 270 |
_a16/16 ਗੀਤਾ ਕਾਲੋਨੀ _bਦਿੱਲੀ _e110031 |
||
| 300 |
_a286p _b24cm |
||
| 650 |
_aਸਿੱਖ ਧਰਮ. _91488 |
||
| 650 |
_aSikhism. _93669 |
||
| 650 |
_aਸਿੱਖ ਫ਼ਲਸਫ਼ੇ. _9141552 |
||
| 650 |
_aSikh philosophy. _912954 |
||
| 942 |
_2ddc _cPN _h250 _mਮਰਵਾ |
||
| 999 |
_c110990 _d110990 |
||